[Event "RUS-ch 68th"]
[Site "Chita"]
[Date "2015.08.11"]
[Round "3"]
[White "Tomashevsky, Evgeny"]
[Black "Lysyj, Igor"]
[Result "1-0"]
[WhiteElo "2747"]
[BlackElo "2673"]
[Annotator "Sagar Shah"]
[PlyCount "79"]
[EventDate "2015.08.09"]
[EventType "tourn"]
[EventRounds "11"]
[EventCountry "RUS"]
[EventCategory "18"]
[SourceTitle "CBM 168"]
[Source "ChessBase"]
[SourceDate "2015.09.14"]
[SourceVersion "1"]
[SourceVersionDate "2015.09.14"]
[SourceQuality "1"]

{This game shows perfectly well how a 2750 player - Tomashevsky is able to
assess the value of initiative vis-à-vis material. Something which mere
mortals always struggle to understand.} 1. c4 Nf6 2. Nc3 e6 3. Nf3 d5 4. d4 c5
5. cxd5 Nxd5 {The game now goes into a Semi-Tarrasch.} 6. e4 (6. e3 {is
another way to play.}) 6... Nxc3 7. bxc3 cxd4 8. cxd4 Bb4+ 9. Bd2 Bxd2+ 10.
Qxd2 O-O 11. Bc4 Nc6 12. O-O b6 {Placement of the rooks in this position for
White is quite confusing for those players who are not well versed in
classical games. But all classically inclined s5udents of the game would know
the game between Polugaevsky-Tal from 1969 where Polugaevsky beat the eighth
world champion in a beautiful game of attacking chess.} 13. Rad1 $1 {The rooks
go to d1 and e1 in order to avoid exchanges as well as attack the black king
and also support a central breakthrough by means of d4-d5.} Na5 ({The game
between Polugaevsky and Tal continued in this manner.} 13... Bb7 14. Rfe1 Na5
15. Bd3 Rc8 16. d5 $1 exd5 17. e5 Nc4 18. Qf4 Nb2 19. Bxh7+ Kxh7 20. Ng5+ Kg6
21. h4 Rc4 22. h5+ Kh6 23. Nxf7+ Kh7 24. Qf5+ Kg8 25. e6 Qf6 26. Qxf6 gxf6 27.
Rd2 Rc6 28. Rxb2 Re8 29. Nh6+ Kh7 30. Nf5 Rexe6 31. Rxe6 Rxe6 32. Rc2 Rc6 33.
Re2 Bc8 34. Re7+ Kh8 35. Nh4 f5 36. Ng6+ Kg8 37. Rxa7 {1-0 (37) Polugaevsky,
L-Tal,M Moscow 1969}) 14. Bd3 Bb7 15. h4 $5 {The h-pawn push can have a lot of
uses. First of all it does away with the back rank weakness. This would not
mean much right now but it is always useful. More importantly the idea is to
play h5-h6 and create weaknesses in the black camp. Also if Black plays h6,
the h5-pawn cramps his position and the king on g8 feels uncomfortable to put
it mildly.} (15. Rfe1 {is the normal way to play and has been tried in many
games before but Tomashevsky begins with h4-h5 gaining space and later brings
his rook to e1.}) 15... Rc8 16. h5 h6 17. Rfe1 Qe7 (17... Nc4 $5 {looks much
better} 18. Qe2 $1 (18. Bxc4 Rxc4 19. d5 exd5 20. exd5 Rc5 $17 {[%csl Rf3]
[%cal Gb7f3]}) 18... Nd6 19. d5 $5 {A typical pawn sacrifice in this variation.
} exd5 20. e5 Re8 21. Nd4 Nc4 $13 {The position remains complex and both sides
have their trumps.}) 18. d5 {The central majority is White's main trump here
and soon or later he has to go for this central break.} Nc4 {A move made after
25 minutes of thought.} 19. Bxc4 {And Tomashevsky played this extremely
natural move after thinking for 29 minutes. He must have been really weighing
up the pros and cons of this exchange.} (19. Qe2 exd5 20. exd5 Qxe2 21. Bxe2
Rfd8 $11 {gives Black nothing to worry about.}) (19. Qf4 Nb2 20. Rd2 Nxd3 21.
Rxd3 {This must have been surely one of the candidate positions in
Tomashevsky's mind.} Rfd8 22. d6 Qf6 23. Qg3 (23. Qxf6 gxf6 $15 {and the pawn
on d6 looks more of a weakness than a strength to me.}) 23... Rc4 24. e5 Qf5
$11 {and in spite of facing this protected passed pawn, Black's chances are
not bad as his pieces are playing well in the game.}) 19... Rxc4 20. Ne5 (20.
d6 Qf6 21. e5 Qf5 $15) 20... Rc5 (20... Ra4 21. d6 Qh4 (21... Qf6 $2 22. Nd7
$18) 22. Nf3 Qd8 (22... Qxh5 $2 23. d7 Rd8 24. Qc2 $18 {[%cal Gc2a4,Gc2c7]})
23. d7 {It is always scary to play against such a pawn on d7.} Bxe4 24. Ne5 (
24. Rxe4 Rxe4 25. Qd6 $44 {The knight will soon go to e5 to c6. In general
White has excellent compensation and it is very difficult to defend as Black.})
24... Bd5 25. Rc1 f6 26. Rc8 fxe5 27. Rxd8 Rxd8 28. Rc1 Rxd7 29. Rc8+ Kf7 30.
Qd3 $16) 21. d6 Qd8 (21... Qh4 {looks more active but after} 22. d7 Rd8 23. Qd6
$14 {White is calling the shots.}) 22. Qf4 $16 {White already has a completely
dominating position.} f6 23. Ng6 Rf7 24. e5 $5 (24. Qg4 {was much stronger as
after} Qe8 (24... Qd7 25. e5 f5 (25... fxe5 26. Nxe5 Rxe5 27. Rxe5 $18) 26. Qg3
$18 {All that remains is to play Rc1 and exchange Black's only active piece.})
25. d7 $1 Rxd7 26. Rxd7 Qxd7 27. Rd1 $1 Qe8 28. Qxe6+ $3 Qxe6 29. Rd8+ {
it's game over! A very pretty variation.}) 24... fxe5 25. Ne7+ Kf8 (25... Rxe7
26. dxe7 Qxe7 27. Rxe5 $16) 26. Ng6+ Kg8 27. Ne7+ Kf8 28. Qg4 Bd5 (28... Rxe7
29. dxe7+ Qxe7 30. Rc1 $16) 29. Nxd5 $1 exd5 30. Rxe5 Qxd6 31. Rde1 {This is
exactly the position that I want you to have a close look at. White is a pawn
down but has the initiative. His rooks are perfectly placed on the open e-file
and his queen is hovering around creating dangerous threats. The weak position
of the black king also adds to his woes. All in all you can understand that
for the investment of a pawn, White has a clear initiative.} Rf6 {The only
logical move.} 32. Re8+ Kf7 33. Qa4 $1 {An irritating move to face, the
a7-pawn is attacked. Should I play a5 or go back and defend with ...Rc7? Lysyj
prefers the latter.} Rc7 (33... a5 34. Qa3 $5 {with the idea of going to the
d3-h7 diagonal is pretty interesting but atl east the position is playable for
Black after} Rc7 35. Qd3 Qd7 $14) 34. Qb5 {Planning Qd3-h7 but more
importantly aiming for Rf8+ Qxf8 Qxd5+ with a quick mate.} Qc6 35. Qe2 {
What is the threat? Of course Qe7+ and mate in two!} Qc5 (35... Rf4 $1 {
with the idea of ...Re4 was more accurate but under time pressure such moves
are always very difficult to find.}) 36. g3 $3 {Two exclamation marks are a
little bit too much but you can understand my enthusiasm, right? Lysyj is
under time pressure and concretely there are no threats that White can make
right now. So Tomashevsky takes just 28 seconds and improves his position in a
very small way. Also he has thrown back the ball into Black's court and asks
him to come up with a move.} Rd7 $2 {A bad blunder whose refutation is not at
all easy to see.} (36... Qd6 {would have kept White's advantage to a minimum.})
37. Re6 $1 {It's all over now.} Rd8 (37... Rf5 38. Rf6+ $3 {A very nice tactic
just clearing the e8-square for the queen.} gxf6 (38... Rxf6 39. Qe8#) (38...
Kxf6 39. Qe6+ Kg5 40. Qg6#) 39. Qe8+ Kg7 40. Qxd7+ $18) 38. Rxf6+ gxf6 (38...
Kxf6 39. Qe6+ Kg5 40. Qg6#) 39. Qg4 $1 (39. Qe6+ {might look tempting but after
} Kg7 40. Qg4+ Kh8 {Black is somehow clinging on.}) 39... Rg8 40. Qd7+ {
Followed by Re8#. I would say this was a brilliant demonstration of how having
more active pieces and the initiative can be more important than a material
advantage.} 1-0

[Event "RUS-ch (Women) 65th"]
[Site "Chita"]
[Date "2015.08.13"]
[Round "5"]
[White "Savina, Anastasia"]
[Black "Goryachkina, Aleksandra"]
[Result "1-0"]
[WhiteElo "2429"]
[BlackElo "2474"]
[Annotator "Sagar Shah"]
[PlyCount "45"]
[EventDate "2015.08.09"]
[EventType "tourn"]
[EventRounds "11"]
[EventCountry "RUS"]
[EventCategory "9"]
[SourceTitle "EXT 2016"]
[Source "ChessBase"]
[SourceDate "2015.10.08"]
[SourceVersion "1"]
[SourceVersionDate "2015.10.08"]
[SourceQuality "1"]

{This game was important on two counts: 1. Because Savina was able to beat the
in form Goryachkina and; 2. Goryachkina's very interesting opening choice.} 1.
Nf3 Nf6 2. c4 e6 3. Nc3 d5 4. d4 {It looks like we are going to witness the
super solid QGD or the Ragozin. But Goryachkina has different ideas.} c5 $5 {
The Tarrasch?} 5. cxd5 cxd4 $5 {I haven't really been able to find a name for
this variation, but it had been played quite a bit by Paul Keres in 1950s.} 6.
Qa4+ (6. Qxd4 exd5 7. e4 {is the main line. Earlier it was thought that this
line gives White an advantage but now it has been shown that after} Nc6 8. Bb5
dxe4 9. Qxd8+ Kxd8 10. Ng5 Be6 $14 {Black is holding his own. Although the
engines prefer White at this point, strong players like Wei Yi, Edouard Romain,
Wang Yue have defended the black side from this position.}) 6... Bd7 7. Qxd4
exd5 8. Nxd5 {Savina picks up the bait.} Qa5+ $1 9. Nc3 Nc6 10. Qd1 {Black has
excellent development in return for her sacrificed pawn. But White has no
weaknesses and if she is able to finish her development the extra pawn will
start to speak for itself. Goryachkina has to play very accurately to keep up
her initiative.} Rd8 (10... Ne4 $5 {I like this move winning at least the
bishop pair.} 11. Bd2 Nxd2 12. Qxd2 (12. Nxd2 Rd8 13. e3 Be6 14. a3 {stopping
Nb4 and making a square for the queen on c2.} g6 $5 15. Qc2 Bg7 16. Be2 Nb4 17.
Qe4 Nd5 $1 $44 {Black has excellent compensation.}) 12... Rd8 13. e3 Bf5 {
Black seems to be doing pretty well at this point but after} 14. Nd4 $1 {
I do not see a convincing way for Black to prove his compensation. Maybe it is
important to believe in the power of the bishop pair here.} Bb4 (14... Bc5 15.
Bb5 O-O 16. Bxc6 bxc6 17. O-O $14) (14... g6 15. Rd1 Bg7 16. Nxc6 $14) (14...
Nxd4 15. exd4 Bb4 16. Be2 O-O 17. O-O) 15. Be2 O-O 16. O-O {And here Black has
reached his maximum level of activity. After something like} Bd6 $5 17. Bf3 Be5
18. Bxc6 bxc6 19. Rad1 c5 20. Nc6 Rxd2 21. Nxa5 Rxb2 $11 {The position should
be around equal but maybe White's play can be improved at some point.}) 11. Bd2
Bg4 12. h3 Bh5 13. g4 Bg6 14. Bg2 Bb4 15. Qc1 {It seems as if White is a tad
passive but she is ready to 0-0 and also push the black pieces away with a3.}
Ne4 16. a3 $1 Bxc3 17. Bxc3 Qc5 (17... Qb6 {was a better square for the queen
as after} 18. O-O O-O {Bb4 as in the game is no longer possible and Black is
very much in the game.}) 18. O-O O-O 19. Bb4 $1 {The queens are exchanged and
Black loses all her compensation for the missing pawn.} Qxc1 20. Raxc1 Rfe8 21.
Rfd1 Nxb4 22. Rxd8 Rxd8 23. axb4 $16 {White is a pawn up and Savina displayed
good techinuqe to bring the full point home.} 1-0

[Event "EU-Cup 31st"]
[Site "Skopje"]
[Date "2015.10.20"]
[Round "3.1"]
[White "Svane, Rasmus"]
[Black "Svidler, Peter"]
[Result "0-1"]
[WhiteElo "2543"]
[BlackElo "2727"]
[Annotator "Sagar Shah"]
[PlyCount "120"]
[EventDate "2015.10.18"]
[EventType "team-swiss"]
[EventRounds "7"]
[EventCountry "MKD"]
[SourceTitle "CBM 169"]
[Source "ChessBase"]
[SourceDate "2015.11.10"]
[SourceVersion "1"]
[SourceVersionDate "2015.11.10"]
[SourceQuality "1"]
[WhiteTeam "Hamburger SK"]
[BlackTeam "Mednyi Vsadnik"]
[WhiteTeamCountry "GER"]
[BlackTeamCountry "RUS"]

{Often we have a question in our minds - What exactly differentiates a strong
2550 GM from a super strong 2750 GM. This game should answer that question.} 1.
Nf3 c5 2. c4 Nf6 3. Nc3 Nc6 4. g3 d5 5. d4 e6 6. cxd5 Nxd5 {This was first
played by Tartakower against Rubinstein in 1929.} 7. Bg2 cxd4 8. Nxd4 Nxc3 9.
bxc3 Nxd4 10. Qxd4 Qxd4 11. cxd4 Bd6 {Now this is a very safe variation for
White and one in which he hardly ever loses. Even for a player of Svidler's
calibre, it is not easy to outplay a grandmaster from this position.} (11...
Bb4+ {is the other option.} 12. Bd2 Bxd2+ 13. Kxd2 Ke7 14. Rhc1 Rd8 15. Rc7+
Rd7 16. Rac1 Kd8 17. Rxd7+ Kxd7 18. g4 $5 {had been first played by Kramnik
against Lautier in 1995 and recently reached in Gelfand,B (2759)-Leko,P (2731)
Moscow 2014.}) 12. O-O (12. Bf4 $5 {Rubinstein's choice was very interesting.}
Bxf4 13. gxf4 Rb8 14. Kd2 b6 15. Rhc1 Kd8 16. Rc3 Bb7 17. e4 Re8 (17... f5 $5)
18. a4 Rc8 19. Rb3 f5 $1 20. f3 Re7 21. a5 Rec7 22. Rb2 Rc4 23. axb6 axb6 24.
Kd3 Rc3+ 25. Kd2 R3c4 26. Kd3 Rc3+ 27. Kd2 R3c4 28. Kd3 {1/2-1/2 (28)
Rubinstein,A-Tartakower,S Karlsbad 1929}) 12... Rb8 13. e4 (13. Bf4 Bxf4 (13...
Ke7 14. Rfc1 Bd7 15. Bxd6+ Kxd6 16. e4 $14) 14. gxf4 Ke7 15. Rfc1 Rd8 $11)
13... b6 14. Bb2 f6 15. Rac1 Bb7 16. f4 Kd7 {Black has equalised the position
and now intends to exchange a pair of rooks down the c-file. Of course the
position remains equal but not drawn because of the assymetrical pawn
structure. Black can always create a plan on the queenside in the endgame due
to his majority.} 17. e5 (17. f5 exf5 18. Rxf5 Rbc8 19. Re1 Bb4 20. Re2 Bc3 $11
) 17... Be7 (17... fxe5 18. fxe5 $1 $16) 18. Rfd1 $6 (18. Bxb7 Rxb7 19. Rfd1 {
would be more accurate as the black rooks are not connected currently and
White can get in d5.} Rc7 20. Rxc7+ Kxc7 21. d5 exd5 22. exf6 gxf6 23. Rxd5 {
is similar to the game, just that the rook is more active.}) 18... Bxg2 19.
Kxg2 Rhc8 20. d5 Rxc1 21. dxe6+ Kxe6 22. Rxc1 Bc5 23. exf6 (23. Rd1 Rc8 $11)
23... gxf6 24. Re1+ (24. Rd1 {Not allowing the black rook to get activated was
better.} Rc8 25. Kf3 Bb4 26. Rd3 Rc2 27. Re3+ Kf7 28. Re2 $11) 24... Kf7 (24...
Kf5 25. Kf3 h5 26. h3 Rg8 27. Rd1 $14 {[%cal Gd1d5,Gg3g4]}) 25. Kf3 Rd8 26. Re2
a5 {From this point onwards Rasmus Svane begins to play without any aim.
Svidler keeps improving his position bit by bit.} 27. Ke4 (27. a4 $11 {The
pawn on a4 would not have been in danger of being lost and with this move the
majority is crippled to some extent.}) 27... a4 28. Kf5 Rd5+ 29. Ke4 Rd7 30.
Bc3 $6 (30. g4 $5 {not allowing f5 later on would have been much more logical.}
) 30... Re7+ 31. Kd3 Rxe2 32. Kxe2 f5 $1 {Fixing the kingside pawns on dark
squares.} 33. Kd3 b5 {Now, all the entry points have been covered for the
white king and the black monarch is looking to settle down on d5.} 34. Bd4 Be7
(34... Bxd4 35. Kxd4 $18 {[%cal Gd4c5] is a lost pawn endgame.}) 35. Be5 Ke6
36. Kd4 h5 37. Bh8 Ba3 38. Be5 Bf8 $6 (38... h4 $3 {is an extremely strong
move that immediately gives Black a winning engame.} 39. gxh4 $2 (39. Kd3 $2 h3
$1 $19) (39. Bc7 $2 h3 40. Bb8 Bb4 41. Bc7 Be1 $19) 39... Bb2+ 40. Kc5 Bxe5 41.
fxe5 Kxe5 $19) (38... Bb2+ 39. Kc5 Bxe5 40. fxe5 h4 41. Kxb5 hxg3 42. hxg3 Kxe5
43. Kxa4 Ke4 44. Kb4 Kf3 45. a4 Kxg3 46. a5 f4 47. a6 f3 48. a7 f2 49. a8=Q
f1=Q $11) 39. Bh8 Be7 40. Bg7 Ba3 41. Be5 Bb4 42. Bg7 Bd6 43. Bh8 h4 44. gxh4 (
44. Be5 Bxe5+ 45. fxe5 b4 46. Kc4 hxg3 47. hxg3 b3 $1 48. axb3 axb3 49. Kxb3
Kxe5 50. Kc4 Ke4 $19) 44... Bxf4 45. h5 Bd6 (45... Bxh2 46. h6 Kf7 47. Kc5 $11)
46. h6 Kf7 47. Kd5 Bf8 48. Kc6 (48. Bb2 Kg6 49. Bc1 b4 $19) 48... b4 49. Kb5 a3
50. Kc4 Kg6 51. Bg7 Be7 52. h4 f4 53. h5+ Kh7 54. Kd3 Bg5 55. Kc4 Bxh6 56. Bd4
Bf8 57. Be5 f3 58. Bd4 Kh6 59. Kd3 Kxh5 60. Ke4 Bg7 $19 {All of White's
mistakes were just imperceptible. It was as if one would not know the reason
why Black won. But on closer inspection you could see that Svidler played with
a plan thanks to his better understanding and tried to improve his position
little by little, while Svane did not.} 0-1

[Event "Groningen PCA"]
[Site "Groningen"]
[Date "1993.??.??"]
[Round "3"]
[White "Serper, Grigory"]
[Black "Kaidanov, Gregory S"]
[Result "1/2-1/2"]
[WhiteElo "2575"]
[BlackElo "2640"]
[Annotator "Serper,G"]
[PlyCount "84"]
[EventDate "1993.12.??"]
[EventType "swiss"]
[EventRounds "11"]
[EventCountry "NED"]
[SourceTitle "CBM 039"]
[Source "ChessBase"]
[SourceDate "1994.04.01"]
[SourceVersion "1"]
[SourceVersionDate "1994.04.01"]
[SourceQuality "1"]

1. c4 c6 2. e4 d5 3. exd5 Nf6 4. Nc3 cxd5 5. cxd5 Nxd5 6. Nf3 e6 7. Bc4 Be7 8.
O-O Nc6 9. d4 O-O 10. Re1 Bf6 11. Ne4 b6 12. a3 Bb7 13. Qd3 Re8 $5 $146 (13...
Nce7 $5 14. Bd2 Ng6 15. Neg5 Nde7 16. Rxe6 Bxf3 $1 17. Rxf6 gxf6 18. Nxf3 Qd7
$15 {Kortschnoj,V-Oll,L/Groningen/1993/}) 14. Bd2 (14. Neg5 $5 g6 15. h4 $36)
14... Nce7 15. Rad1 Nf5 (15... Ng6 $5 16. Neg5 $140 $6 h6 17. Nxe6 $2 Rxe6 $1
18. Rxe6 Ngf4 19. Bxf4 Nxf4 $19) 16. Ba2 Nd6 $1 17. Ng3 $6 (17. Neg5 g6 18. h4
$14) 17... g6 $1 18. Ne5 Bg7 19. Ne4 $5 {x Ng3} Nxe4 20. Qxe4 Rc8 21. Qf3 Rc7
22. Qg3 Qd6 $1 $15 (22... Rc2 23. Qb3) 23. Bb1 Rd8 (23... f6 $5 24. Nf3 Qxg3
25. hxg3 g5 26. g4 $1 $15) 24. Qh4 Re8 25. Ng4 $5 (25. Bh6) 25... f5 (25... Rc4
$5 26. Ne5 $6 (26. Bg5 $5 $13) 26... Bxe5 27. dxe5 Rxh4 28. exd6 Rd4 $1 $17 {
xd6}) 26. Ne5 Nf6 27. Bh6 Qd5 28. Nf3 $6 (28. f3 $142) 28... Qb3 29. Ng5 $8 Bd5
30. Rd2 Bxh6 (30... Rec8 $5 31. Bxg7 Kxg7 32. h3 $1 $8 Rc1 33. Rde2 Rxe1+ 34.
Rxe1 Qxb2 35. Kh2 $3 $8 Qb3 $5 (35... Qxa3 $6 36. Nxe6+ Bxe6 37. Rxe6 Rf8 38.
Bxf5 $1) 36. Bxf5 $1 gxf5 $8 37. Re3 Rc3 38. Nxh7 $1 (38. Nxe6+ $2 Bxe6 39.
Qg3+ Ng4+ $1 $19 {Oll}) 38... Rxe3 39. Qxf6+ Kxh7 40. Qf7+ Kh6 41. Qf6+ Kh5 42.
Qf7+ Kg5 43. Qe7+ Kf4 $140 $4 44. Qh4#) 31. Qxh6 Ng4 32. Qh3 h6 33. Qxb3 Bxb3
34. Nf3 Rec8 35. h3 Nf6 36. Ne5 Kg7 37. Bd3 Nd5 38. Ba6 $1 Rc1 $138 39. Bxc8
Rxe1+ 40. Kh2 Nf6 41. Rd3 $1 {/\ Rc3-c7+-} Rc1 $1 $8 42. Ba6 Ba4 (42... Ba4 43.
Rc3 (43. Bc4 $5 Ne4 $1 44. f3 Nf2 $1 45. Rd2 Nd1 $3 {Kaidanov, /\ Ne3}) 43...
Rxc3 44. bxc3 Nd7 $10 (44... Ne4 $6 45. c4 Nxf2 $2 46. c5 $18 {P c})) 1/2-1/2